000 01413nam a2200301 a 4500
001 BRCA_4948
005 20190320204855.0
008 221010s1830----mx-#######---#000-0#spa-#
041 _aspa
044 _amx
084 _aDOC42
_b.M66
_c1830
100 1 _aMangino, Fernando
_912573
245 1 0 _aDocumento firmado por Don Fernando Mangino
_cFernando Mangino ; Manuel Eduardo de Gorostiza.
260 _aLondres
_c1830
300 _a[1] foja
_c32 x 20 cm.
500 _aDocumento firmado el 16 de diciembre de 1830.
500 _aDocumento que consta de una certificación firmada por Don Fernando Mangino Secretario de la Legación Mexicana en Londres, de haber recibido un oficio en el que el Gobierno Mexicano acepta que el hijo de Don Manuel E. de Gorostiza (Don Eduardo), pase como agregado a dicha legación.
500 _aEl documento contiene la leyenda DOC. #51.
500 _aEstado de conservación: contiene roturas al margen superior.
506 0 _aFondo Reservado. Para su consulta es necesario credencial de usuario y carta de motivos.
546 _aTexto en : español de mediados del siglo XIX.
600 1 4 _aMangino, Fernando
_xHistoria
_912574
650 1 4 _aRelaciones internacionales
_zMéxico
_912575
651 4 _aMéxico
_xHistoria
_yFederalismo y centralismo, 1824-1853
_912576
700 1 _aGorostiza, Manuel Eduardo de
_d1789-1851
_912577
902 _aFDH
942 _2lcc
_cD
999 _c4642
_d4642